| 000 | 00395nam a22001457a 4500 | ||
|---|---|---|---|
| 003 | SGT | ||
| 082 |
_a617.3 _bS22D |
||
| 100 | _aDHAMELIA, DHYEY SHAMBHUBHAI | ||
| 245 | _aA STUDY OF INCIDENCE OF COMPLICATIONS OF INTERLOCKING NAIL IN THE MANAGEMENT OF TIBIA FRACTURES | ||
| 260 |
_aGURUGRAM _bSGTU _c2022 |
||
| 300 | _a104 | ||
| 650 | _aORTHOPEDIC SURGERY | ||
| 653 | _aMS | ||
| 942 |
_2ddc _cTH |
||
| 999 |
_c33191 _d33191 |
||